Empirischer Theorienvergleich: Erklärungen sozialen Verhaltens in Problemsituationen
| Otros Autores: | |
|---|---|
| Tipo de documento: | Print Libro |
| Lenguaje: | Alemán |
| Publicado: |
Opladen
Westdt. Verl.
1990
|
| En: | Año: 1990 |
| Acceso en línea: |
Índice Índice |
| Disponibilidad en Tübingen: | Disponible en Tübingen. IFK: O II 314 |
| Verificar disponibilidad: | HBZ Gateway |
| Servicio de pedido Subito: | Pedir ahora. |
| Palabras clave: |
MARC
| LEADER | 00000cam a2200000 c 4500 | ||
|---|---|---|---|
| 001 | 275342360 | ||
| 003 | DE-627 | ||
| 005 | 20260206193632.0 | ||
| 007 | tu | ||
| 008 | 891130s1990 gw ||||| 00| ||ger c | ||
| 015 | |a 90,N18,0073 |2 dnb | ||
| 015 | |a 90,A35,0279 |2 dnb | ||
| 016 | 7 | |a 90A350279 |2 DE-101 | |
| 020 | |a 3531121251 |9 3-531-12125-1 | ||
| 035 | |a (DE-627)275342360 | ||
| 035 | |a (DE-603)012381152 | ||
| 035 | |a (DE-576)01913861X | ||
| 035 | |a (DE-599)GBV275342360 | ||
| 035 | |a (OCoLC)231035275 | ||
| 035 | |a (OCoLC)22712939 | ||
| 035 | |a (OCoLC)231035275 | ||
| 035 | |a (DE-Rt5)1596251 | ||
| 035 | |a (JUB)b10617516 | ||
| 040 | |a DE-627 |b ger |c DE-627 |e rakwb | ||
| 041 | |a ger | ||
| 044 | |c XA-DE | ||
| 050 | 0 | |a H61 | |
| 082 | 0 | |a 300.1 |q OCLC | |
| 084 | |a S 70 |2 sfb | ||
| 084 | |a 14 |2 sdnb | ||
| 084 | |a 1 |2 ssgn | ||
| 084 | |a MS 1330 |2 rvk |0 (DE-625)rvk/123592: | ||
| 084 | |a MR 1100 |2 rvk |0 (DE-625)rvk/123485: | ||
| 084 | |a MR 6200 |2 rvk |0 (DE-625)rvk/123530: | ||
| 084 | |a MR 6600 |2 rvk |0 (DE-625)rvk/123534: | ||
| 084 | |a MR 2000 |2 rvk |0 (DE-625)rvk/123487: | ||
| 084 | |a MR 1050 |2 rvk |0 (DE-625)rvk/123484: | ||
| 245 | 0 | 0 | |a Empirischer Theorienvergleich |b Erklärungen sozialen Verhaltens in Problemsituationen |c Karl-Dieter Opp ... (Hrsg.) |
| 264 | 1 | |a Opladen |b Westdt. Verl. |c 1990 | |
| 300 | |a VII, 236 S. |b graph. Darst. |c 23 cm | ||
| 336 | |a Text |b txt |2 rdacontent | ||
| 337 | |a ohne Hilfsmittel zu benutzen |b n |2 rdamedia | ||
| 338 | |a Band |b nc |2 rdacarrier | ||
| 500 | |a Literaturangaben | ||
| 505 | 8 | |a Literaturangaben | |
| 505 | 8 | |a Literaturangaben | |
| 546 | |a Deutsch | ||
| 583 | 1 | |a Archivierung/Langzeitarchivierung gewährleistet |f SLG |x XA-DE-NI |z Bücherarchiv der GWV-Verlage |2 pdager |5 DE-84 | |
| 583 | 1 | |a Archivierung/Langzeitarchivierung gewährleistet |f SSG |x XA-DE-BW |2 pdager |5 DE-21 | |
| 650 | 0 | |a Social Sciences | |
| 650 | 0 | 7 | |0 (DE-588)4055916-6 |0 (DE-627)106156411 |0 (DE-576)209115904 |a Sozialwissenschaften |2 gnd |
| 650 | 0 | 7 | |0 (DE-588)4238271-3 |0 (DE-627)10488066X |0 (DE-576)21041183X |a Theorievergleich |2 gnd |
| 650 | 4 | |a Arbeits- und Beschäftigungspolitik | |
| 650 | 4 | |a Bildung | |
| 650 | 4 | |a Soziologie | |
| 650 | 4 | |a Soziologische Theorie | |
| 650 | 4 | |a Empirische Forschung | |
| 650 | 4 | |a Bewertung | |
| 650 | 4 | |a Vergleichende Methode | |
| 650 | 4 | |a Soziales Verhalten | |
| 650 | 4 | |a Statusinkonsistenz | |
| 650 | 4 | |a Berufsverlauf | |
| 650 | 4 | |a Arbeitslosigkeit | |
| 650 | 4 | |a Nutzentheorie | |
| 653 | 0 | |a Social sciences | |
| 689 | 0 | 0 | |d s |0 (DE-588)4055916-6 |0 (DE-627)106156411 |0 (DE-576)209115904 |a Sozialwissenschaften |2 gnd |
| 689 | 0 | 1 | |d s |0 (DE-588)4238271-3 |0 (DE-627)10488066X |0 (DE-576)21041183X |a Theorievergleich |2 gnd |
| 689 | 0 | |5 DE-101 | |
| 700 | 1 | |a Opp, Karl-Dieter |d 1937- |e Hrsg. |0 (DE-588)121168417 |0 (DE-627)081130120 |0 (DE-576)162442297 |4 edt | |
| 856 | 4 | 2 | |u http://www.gbv.de/dms/hbz/toc/ht003381650.pdf |m V:DE-605 |q pdf/application |v 2008-11-15 |x Verlag |y Inhaltsverzeichnis |3 Inhaltsverzeichnis |7 1 |
| 856 | 4 | 2 | |u http://scans.hebis.de/HEBCGI/show.pl?01238115_toc.pdf |m V:DE-603;B:DE-17 |q application/pdf |3 Inhaltsverzeichnis |7 1 |
| 889 | |w (DE-627)027446107 | ||
| 935 | |a mteo | ||
| 935 | |i mdedup | ||
| 935 | |i Blocktest | ||
| 935 | |h HEB |i 0501 | ||
| 935 | |h HEB |i 0503 | ||
| 936 | r | v | |a MS 1330 |b Empirische Untersuchungen und Vergleiche |k Soziologie |k Spezielle Soziologien |k Soziale Ungleichheit; Schichten,Klassen und Milieu |k Empirische Untersuchungen und Vergleiche |0 (DE-627)127148062X |0 (DE-625)rvk/123592: |0 (DE-576)20148062X |
| 936 | r | v | |a MR 1100 |b Sozialwissenschaftliche Methodologie und Methodenkritik |k Soziologie |k Sozialwissenschaftliche Theorien und Methoden |k Wissenschaftstheorie und Erkenntnistheorie |k Sozialwissenschaftliche Methodologie und Methodenkritik |0 (DE-627)127142746X |0 (DE-625)rvk/123485: |0 (DE-576)20142746X |
| 936 | r | v | |a MR 6200 |b Lerntheorien |k Soziologie |k Sozialwissenschaftliche Theorien und Methoden |k Psychologische Ansätze |k Lerntheorien |0 (DE-627)1271428288 |0 (DE-625)rvk/123530: |0 (DE-576)201428288 |
| 936 | r | v | |a MR 6600 |b Theorie der sozialen Interaktion, Kommunikation, Konformität |k Soziologie |k Sozialwissenschaftliche Theorien und Methoden |k Psychologische Ansätze |k Theorie der sozialen Interaktion, Kommunikation, Konformität |0 (DE-627)1271294419 |0 (DE-625)rvk/123534: |0 (DE-576)201294419 |
| 936 | r | v | |a MR 2000 |b Allgemeine Werke und Lehrbücher |k Soziologie |k Sozialwissenschaftliche Theorien und Methoden |k Methoden der Sozialforschung |k Allgemeine Werke und Lehrbücher |0 (DE-627)1271138913 |0 (DE-625)rvk/123487: |0 (DE-576)201138913 |
| 936 | r | v | |a MR 1050 |b Allgemeine (philosophische) Abhandlungen |k Soziologie |k Sozialwissenschaftliche Theorien und Methoden |k Wissenschaftstheorie und Erkenntnistheorie |k Allgemeine (philosophische) Abhandlungen |0 (DE-627)1271427443 |0 (DE-625)rvk/123484: |0 (DE-576)201427443 |
| 936 | s | n | |a m200 |2 mzub |
| 951 | |a BO | ||
| ELC | |b 1 | ||
| LOK | |0 000 xxxxxcx a22 zn 4500 | ||
| LOK | |0 001 3330156511 | ||
| LOK | |0 003 DE-627 | ||
| LOK | |0 004 275342360 | ||
| LOK | |0 005 20020607000000 | ||
| LOK | |0 008 930510||||||||||||||||ger||||||| | ||
| LOK | |0 040 |a DE-21-110 |c DE-627 |d DE-21-110 | ||
| LOK | |0 852 |a DE-21-110 | ||
| LOK | |0 852 1 |c O II 314 |m p |9 00 | ||
| LOK | |0 935 |a k110 | ||
| LOK | |0 936ln |a 7.1 | ||
| LOK | |0 938 |k p | ||
| LOK | |0 939 |a 10-05-93 |b l01 | ||
| ORI | |a SA-MARC-krimdoka001.raw | ||
| SIG | |a IFK: O II 314 | ||
